00427nam a2200169 450000500170000001000150001702000260003203500150005803700090007308200120008210000160009424500590011025000060016926000450017527000160022030000210023620250610142444.0 aENG-145252 a9788170580354c220.00 aEN-128784  bDBAD a181.499 aDalal, A.S. aSri Aurobindo and The Future Psychology/cA.S. Dalal,  a1 aPondicherrybSri Aurobindo Ashram c2014 bPondicherry a422p.c23cm(pb)